Online
Catalog

Il gobbo : (Record no. 4793)

MARC details
000 -CABECERA
campo de control de longitud fija 00797cam a2200241 a 4500
001 - NÚMERO DE CONTROL
campo de control 000004987
005 - FECHA Y HORA DE LA ÚLTIMA TRANSACCIÓN
campo de control 20200929151541.0
008 - DATOS DE LONGITUD FIJA--INFORMACIÓN GENERAL
campo de control de longitud fija 920513s1988 sp a 001 p spa
020 ## - NÚMERO INTERNACIONAL ESTÁNDAR DEL LIBRO
Número Internacional Estándar del Libro 8476580819
040 ## - FUENTE DE LA CATALOGACIÓN
Centro catalogador/agencia de origen DO-SdBNP
Centro/agencia transcriptor DLC
Centro/agencia modificador DLC
082 ## - NÚMERO DE LA CLASIFICACIÓN DECIMAL DEWEY
Número de clasificación 861.6
Número de documento/Ítem R892g
100 1# - ENTRADA PRINCIPAL--NOMBRE DE PERSONA
Nombre de persona Royo, Jordi.
9 (RLIN) 14394
245 13 - MENCIÓN DE TÍTULO
Título Il gobbo :
Resto del título poesía reunida, 1980-1986 /
Mención de responsabilidad, etc. Jordi Royo ; prólogo, Juan Antonio Masoliver.
260 ## - PUBLICACIÓN, DISTRIBUCIÓN, ETC.
Lugar de publicación, distribución, etc. Barcelona :
Nombre del editor, distribuidor, etc. Anthropos,
Fecha de publicación, distribución, etc. 1988.
300 ## - DESCRIPCIÓN FÍSICA
Extensión 150 p. :
Otras características físicas il. ;
Dimensiones 20 cm.
490 1# - MENCIÓN DE SERIE
Mención de serie Ámbitos literarios ;
Designación de volumen o secuencia no. 90
490 1# - MENCIÓN DE SERIE
Mención de serie Poesía ;
Designación de volumen o secuencia no. 90
500 ## - NOTA GENERAL
Nota general "Premios Ámbito Literario 1982-1987".
650 #4 - PUNTO DE ACCESO ADICIONAL DE MATERIA--TÉRMINO DE MATERIA
Término de materia o nombre geográfico como elemento de entrada Poesía española
9 (RLIN) 631
650 #4 - PUNTO DE ACCESO ADICIONAL DE MATERIA--TÉRMINO DE MATERIA
Término de materia o nombre geográfico como elemento de entrada Literatura española
9 (RLIN) 632
830 #0 - PUNTO DE ACCESO ADICIONAL DE SERIE-TÍTULO UNIFORME
Título uniforme Ambitos literarios/Poesía ;
Designación de volumen o secuencia no. 90
9 (RLIN) 14395
910 ## - DATOS DE OPCIÓN DEL USUARIO (OCLC)
Datos de opción del usuario Catalogación por copia / LC
Holdings
Estado de retiro Estado de pérdida Restricciones de uso No para préstamo Código de colección Localización permanente Ubicación/localización actual Ubicación en estantería Fecha de adquisición Número de inventario Total de préstamos Signatura topográfica completa Código de barras Fecha visto por última vez Precio válido a partir de Tipo de ítem Koha
    Préstamo interno   Monografías: Libros y Folletos General General En catalogación 28.07.2009 LF1   861.6 R892g 4987-10 25.06.2020 25.06.2020 Préstamo interno

Powered by Koha